000 00463nab a22001457 4500
003 ES-SlBCS
005 20210327224030.0
008 140521s2014 sp ||||| |||| 00| 0 spa d
040 _aES-SlBC
_bspa
041 _aspa
100 1 _aGispert-Sauch, George
_959318
245 1 1 _a"Ortodoxia" y "heterodoxia" en otras religiones: hinduismo y budismo
_cGeorge Gispert-Sauch
773 0 _gNúm. 355, 2014, págs. 123-136
_tConcilium
_wRev134
_x0210-1041
942 _2lcc
_cAR
999 _c454027
_d454027